| 000 | 01110nam a22002537a 4500 | ||
|---|---|---|---|
| 005 | 20170124102948.0 | ||
| 010 | _aB-144007 | ||
| 020 |
_c150.00 _a8171197671 |
||
| 035 | _aB-144007 | ||
| 037 | _bCen Lib/Ret | ||
| 040 |
_aDPL _bHN |
||
| 082 |
_a822 _bगांगुली |
||
| 100 |
_aगांगुली, उषा _94358 |
||
| 245 |
_aरुदाली : _cउषा गांगुली _bमहाश्वेता देवी की कहानी पर आधारित / |
||
| 246 |
_aRudali : Mahashweta Devi ki kahani par aadharit / _bby Usha Ganguly |
||
| 260 |
_aदिल्ली _bराधाकृष्ण प्रकाशन _c2004 |
||
| 270 |
_bदिल्ली _aजी-17, जगतपुरी _e110051 |
||
| 300 |
_a103पृ. : _c21सेमी (सजिल्द) _bसचित्र |
||
| 650 |
_aहिन्दी -- साहित्य _950671 |
||
| 650 |
_aहिन्दी -- नाटक _91413 |
||
| 650 |
_aHindi -- literature _950672 |
||
| 650 |
_aHindi - Play _950673 |
||
| 942 |
_2ddc _cHN _h822 _mगांगुली |
||
| 999 |
_c113109 _d113109 |
||